000 01020nam a2200289 i 4500
001 184543
003 ES-MaACL
005 20250731063049.0
008 151021s2012 sp |||| | spa d
020 _a978-84-9892-425-1
080 _a27-9(8=134)
100 1 _aLynch, John,
_d1927-2018
_974938
245 1 0 _aDios en el Nuevo Mundo
_b: una historia religiosa de América Latina /
_cJohn Lynch ; traducción castellana de Alejandra Chaparro.
250 _a1ª ed.
260 _aBarcelona :
_bCrítica,
_c2012.
300 _a540 p. ;
_c24 cm.
490 1 _aSerie Mayor
500 _aÍndice.
504 _aBibliografía: p. [513]-525.
651 7 _aAmérica Latina-
_xHistoria eclesiástica.
_9145347
700 1 _aChaparro, Alejandra.
_9157957
830 0 _aSerie Mayor
_9177793
852 _aES-MaACL
_jA-13595
_9191544
_bR.150797
_cDEPO1
_dOlim: N-6595
_xenc. cart.
_hDonacion: Real Academia Española
914 _96336
_aReal Academia Española
_ednr
942 _2udc
999 _c184543
_d184543